书目信息 |
| 题名: |
IPv6技术精要
|
|
| 作者: | 格拉齐亚尼 著 ;夏俊杰 译 | |
| 分册: | ||
| 出版信息: | 北京 人民邮电出版社 2013 |
|
| 页数: | 362页 | |
| 开本: | 24cm | |
| 丛书名: | ||
| 单 册: | ||
| 中图分类: | TN915.04 | |
| 科图分类: | ||
| 主题词: | 互联网络--通信协议 , 互联网络 , 通信协议 | |
| 电子资源: | ||
| ISBN: | 978-7-115-31310-2 | |
| 000 | 01198nam0 2200301 450 | |
| 001 | 523 | |
| 005 | 20140910085722.17 | |
| 010 | @a978-7-115-31310-2@dCNY69.00 | |
| 100 | @a20130705d2013 em y0chiy50 ea | |
| 101 | 1 | @achi@ceng |
| 102 | @aCN@b110000 | |
| 105 | @ay z 000yy | |
| 106 | @ar | |
| 200 | 1 | @aIPv6技术精要@AIPv6 Ji Shu Jing Yao@dIPv6 fundamentals@ea straightforward approach to understanding IPv6@f(美)Rick Graziani著@F( Mei )Rick Graziani Zhu@g夏俊杰译@zeng |
| 210 | @a北京@c人民邮电出版社@d2013 | |
| 215 | @a362页@d24cm | |
| 305 | @a由美国Cisco Press授权出版 | |
| 330 | @a本书从IP的发展以及IPv4的不足入手,全面阐述了IPv6的各种基本知识,包括IPv6编址、ICMPv6与邻居发现协议、IPv6路由、DHCPv6等内容,并详细讨论了包括双栈、隧道、转换在内的各种IPv4向IPv6迁移的过渡技术。 | |
| 510 | 1 | @aIPv6 fundamentals@ea straightforward approach to understanding IPv6@zeng |
| 606 | 0 | @a互联网络@x通信协议 |
| 606 | 0 | @a互联网络 |
| 606 | 0 | @a通信协议 |
| 610 | 0 | @aIPv6 |
| 690 | @aTN915.04@v5 | |
| 701 | 0 | @c(美)@a格拉齐亚尼@AGe La Qi Ya Ni@c(Graziani, Rick)@4著 |
| 702 | 0 | @a夏俊杰@AXia Jun Jie@c(电信)@4译 |
| 801 | 0 | @aCN@bTANGWEI@c20140603 |
| 905 | @b0841037-39@dTN915.04@e102@f3 | |
| IPv6技术精要=IPv6 fundamentals:a straightforward approach to understanding IPv6/(美)Rick Graziani著/夏俊杰译.-北京:人民邮电出版社,2013 |
| 362页;24cm |
| ISBN 978-7-115-31310-2:CNY69.00 |
| 本书从IP的发展以及IPv4的不足入手,全面阐述了IPv6的各种基本知识,包括IPv6编址、ICMPv6与邻居发现协议、IPv6路由、DHCPv6等内容,并详细讨论了包括双栈、隧道、转换在内的各种IPv4向IPv6迁移的过渡技术。 |
| ● |
| 相关链接 |
|
|
|
|
正题名:IPv6技术精要
索取号:TN915.04/102
 
预约/预借
| 序号 | 登录号 | 条形码 | 馆藏地/架位号 | 状态 | 备注 |
| 1 | 0841037 | 208410370 | 第二样本阅览室/ [索取号:TN915.04/102] | 在馆 | |
| 2 | 0841038 | 208410389 | 计算机科学系资料室/ [索取号:TN915.04/102] | 在馆 | |
| 3 | 0841039 | 208410398 | 第三借阅区/ [索取号:TN915.04/102] | 在馆 |